000 00499nam a2200193Ia 4500
003 OSt
005 20140403160943.0
008 140130s9999 xx 000 0 und d
050 _aPZ 7
_b.M47879Meet 2003
100 _aMcMullan, Kate Fluffy
_930926
245 _cMcMullan, Kate
_aFluffy meets the tooth fairy /
260 _bScholastic,
_c2003
_aU.S.A :
300 _a37 p. :
_bcol. ill. ;
_c24 cm.
440 _v1
_930927
521 _aG2
526 _c320
942 _cBK
_2lcc
999 _c40148
_d40148